000 00436nam a22001817a 4500
003 NUST - PNEC
005 20170116180911.0
008 150903b xxu||||| |||| 00| 0 eng d
020 _a-
040 _cLIBRARY
082 _a620.112 RYD
100 _97036
_a Ryder, G. H.
245 _aStrength of materials
_cG. H. Ryder
250 _a3rd ed.
260 _cc.1953
650 _97039
_aMechanical engineering
_xME
942 _2ddc
_cBK
999 _c65266
_d65266